[Event "WchT Seniors 50"]
[Site "Struga"]
[Date "2023.09.27"]
[Round "8.2"]
[White "Angskog, Kent"]
[Black "Kostadinovski, Zoran"]
[Result "0-1"]
[WhiteElo "2123"]
[BlackElo "1922"]
[PlyCount "55"]
[EventDate "2023.09.19"]
[EventType "team-swiss"]
[EventRounds "9"]
[EventCountry "MKD"]
[SourceTitle "EXT 2024"]
[Source "ChessBase"]
[SourceDate "2023.10.10"]
[SourceVersion "1"]
[SourceVersionDate "2023.10.10"]
[SourceQuality "1"]
[WhiteTeam "Sweden 50"]
[BlackTeam "Macedonia Blind 50"]
[WhiteTeamCountry "SWE"]
[BlackTeamCountry "MKD"]

1. Nf3 d5 2. c4 e6 3. g3 Nf6 4. Bg2 Be7 5. 0-0 0-0 6. b3 c6 7. Bb2 b6 8. d4 Nbd7 9. Nc3 Bb7 10. Rc1 h6 11. e3 Ba6 12. Qe2 Rc8 13. Rfd1 Re8 14. e4 Bf8 15. e5 Nh7 16. h4 f5 17. exf6 gxf6 18. Qd3 Bg7 19. Bh3 Ndf8 20. Ne2 Qd6 21. Qd2 Rc7 22. cxd5 exd5 23. Nf4 Bc8 24. Bxc8 Rcxc8 25. Re1 Re4 26. Rxe4 dxe4 27. Nh2 Ne6 28. Nh5 0-1

[Event "WchT Seniors 50"]
[Site "Struga"]
[Date "2023.09.20"]
[Round "2.2"]
[White "Angskog, Kent"]
[Black "Mottonen, Ari"]
[Result "1-0"]
[WhiteElo "2123"]
[BlackElo "1846"]
[PlyCount "57"]
[EventDate "2023.09.19"]
[EventType "team-swiss"]
[EventRounds "9"]
[EventCountry "MKD"]
[SourceTitle "EXT 2024"]
[Source "ChessBase"]
[SourceDate "2023.10.10"]
[SourceVersion "1"]
[SourceVersionDate "2023.10.10"]
[SourceQuality "1"]
[WhiteTeam "Sweden 50"]
[BlackTeam "Finland 50"]
[WhiteTeamCountry "SWE"]
[BlackTeamCountry "FIN"]

1. Nf3 Nf6 2. c4 e6 3. g3 c5 4. Bg2 Nc6 5. 0-0 Be7 6. Nc3 0-0 7. d4 cxd4 8. Nxd4 a6 9. b3 Qc7 10. Bb2 b6 11. Rc1 Bb7 12. Nd5 Qd8 13. Nxe7+ Qxe7 14. Qd2 Na5 15. Nf3 d6 16. Bxf6 gxf6 17. Rfd1 d5 18. c5 Nc6 19. cxb6 Rfc8 20. Nd4 Ne5 21. Qa5 f5 22. Rc7 Rxc7 23. bxc7 Nd7 24. Rc1 Qd6 25. e3 Qb6 26. Nc6 Bxc6 27. Qxb6 Nxb6 28. Rxc6 Nc8 29. Bf1 1-0

[Event "WchT Seniors 50"]
[Site "Struga"]
[Date "2023.09.19"]
[Round "1.2"]
[White "Hjartarson, Johann"]
[Black "Angskog, Kent"]
[Result "1-0"]
[WhiteElo "2432"]
[BlackElo "2123"]
[PlyCount "81"]
[EventDate "2023.09.19"]
[EventType "team-swiss"]
[EventRounds "9"]
[EventCountry "MKD"]
[SourceTitle "EXT 2024"]
[Source "ChessBase"]
[SourceDate "2023.10.10"]
[SourceVersion "1"]
[SourceVersionDate "2023.10.10"]
[SourceQuality "1"]
[WhiteTeam "Iceland 50"]
[BlackTeam "Sweden 50"]
[WhiteTeamCountry "ISL"]
[BlackTeamCountry "SWE"]

1. e4 g6 2. d4 Bg7 3. Nf3 d6 4. Bc4 e6 5. Bb3 Ne7 6. 0-0 Nd7 7. c3 h6 8. Re1 b6 9. Nbd2 Bb7 10. Nf1 0-0 11. Ng3 c5 12. h3 Rc8 13. Be3 Qc7 14. Rc1 e5 15. Qd2 Kh7 16. Bc2 b5 17. b3 a5 18. Bd3 c4 19. bxc4 bxc4 20. Bc2 Rfd8 21. h4 Ba6 22. h5 exd4 23. cxd4 c3 24. Qd1 Kg8 25. Bb3 Bc4 26. hxg6 Nxg6 27. Rxc3 Bxb3 28. Rxb3 Qc2 29. Qxc2 Rxc2 30. Ra3 Ra8 31. Nf5 d5 32. Bxh6 dxe4 33. Rxe4 Bf8 34. Bxf8 Kxf8 35. Ng5 Nf6 36. Re1 Ng4 37. Rg3 Rxf2 38. Nh7+ Kg8 39. Nf6+ Nxf6 40. Kxf2 Kf8 41. Rb3 1-0

[Event "Karlstad op"]
[Site "Karlstad"]
[Date "2022.12.27"]
[Round "3"]
[White "Carlsson, Ludvig"]
[Black "Angskog, Kent"]
[Result "1-0"]
[WhiteElo "2349"]
[BlackElo "2109"]
[PlyCount "72"]
[EventDate "2022.12.27"]
[EventType "swiss"]
[EventRounds "8"]
[EventCountry "SWE"]
[SourceTitle "CBM 211 Extra"]
[Source "ChessBase"]
[SourceDate "2023.01.31"]
[SourceVersion "1"]
[SourceVersionDate "2023.01.31"]
[SourceQuality "1"]

1. e4 g6 2. d4 Bg7 3. Nf3 d6 4. Be2 Bg4 5. 0-0 Nd7 6. c4 c5 7. d5 a6 8. Nc3 Rb8 9. a4 Ngf6 10. h3 Bxf3 11. Bxf3 0-0 12. Bf4 Ne8 13. Ra3 Qc7 14. Qd2 h5 15. Be2 Kh7 16. Bg5 e5 17. dxe6 fxe6 18. f4 Bd4+ 19. Kh1 Ng7 20. Bd3 Rf7 21. f5 Ne5 22. g4 hxg4 23. hxg4 Rh8 24. fxe6 Nxe6 25. Nd5 Kg7+ 26. Kg2 Qd7 27. Bf6+ Rxf6 28. Nxf6 Qc6 29. Be2 g5 30. Nd5 Ng6 31. Rf5 Qxd5 32. exd5 Nef4+ 33. Rxf4 Nxf4+ 34. Kf3 Rh2 35. Qe1 Kf6 36. Bf1 Bxb2 1-0

[Event "Wch Seniors 50 29th"]
[Site "Bucharest"]
[Date "2019.11.21"]
[Round "9"]
[White "Angskog, Kent"]
[Black "Belmont Hernandez, Andres"]
[Result "1/2-1/2"]
[WhiteElo "2149"]
[BlackElo "2066"]
[PlyCount "90"]
[EventDate "2019.11.12"]
[EventType "swiss"]
[EventRounds "11"]
[EventCountry "ROU"]
[SourceTitle "CBM 193 Extra"]
[Source "ChessBase"]
[SourceDate "2020.01.31"]
[SourceVersion "1"]
[SourceVersionDate "2020.01.31"]
[SourceQuality "1"]

1. Nf3 Nf6 2. c4 g6 3. Nc3 Bg7 4. e4 d6 5. d4 0-0 6. Be2 e5 7. Bg5 Nbd7 8. 0-0 c6 9. d5 c5 10. Qd2 a6 11. Ne1 Rb8 12. a4 Qe7 13. Nd3 Re8 14. Rab1 Qf8 15. b4 b6 16. a5 cxb4 17. Rxb4 bxa5 18. Rxb8 Nxb8 19. Qa2 Nfd7 20. Qxa5 h6 21. Bc1 Bf6 22. Ba3 Bd8 23. Qb4 Bc7 24. Qb2 Nb6 25. Nb4 Bd7 26. c5 dxc5 27. Nxa6 Nxa6 28. Bxa6 Rb8 29. Qc2 Ra8 30. Qe2 Bc8 31. Bxc8 Nxc8 32. Nb5 Bb6 33. Bb2 Qe7 34. Rd1 Nd6 35. Nxd6 Qxd6 36. Qb5 Bc7 37. Bc3 Rb8 38. Qa4 Qb6 39. h3 Qb3 40. Qa1 Bd6 41. Re1 f6 42. Bd2 h5 43. Qa6 Qb6 44. Ra1 Kf8 45. Qa4 Qb5 1/2-1/2

[Event "Wch Seniors 50 29th"]
[Site "Bucharest"]
[Date "2019.11.19"]
[Round "7"]
[White "Lopez de Turiso, Jose Angel"]
[Black "Angskog, Kent"]
[Result "0-1"]
[WhiteElo "1947"]
[BlackElo "2149"]
[PlyCount "114"]
[EventDate "2019.11.12"]
[EventType "swiss"]
[EventRounds "11"]
[EventCountry "ROU"]
[SourceTitle "CBM 193 Extra"]
[Source "ChessBase"]
[SourceDate "2020.01.31"]
[SourceVersion "1"]
[SourceVersionDate "2020.01.31"]
[SourceQuality "1"]

1. e4 c5 2. Nf3 d6 3. c3 Nf6 4. h3 g6 5. Bb5+ Nbd7 6. e5 dxe5 7. Nxe5 Bg7 8. d4 0-0 9. Bxd7 Bxd7 10. Nxd7 Nxd7 11. dxc5 Nxc5 12. Qxd8 Raxd8 13. Ke2 Rd5 14. Rd1 Rxd1 15. Kxd1 Nd3 16. Nd2 Bh6 17. Nb3 Bxc1 18. Nxc1 Nxb2+ 19. Kc2 Nc4 20. Nd3 Rd8 21. Re1 e6 22. Re2 Kf8 23. Ne5 Nxe5 24. Rxe5 Ke7 25. Rb5 Rd7 26. h4 Kd6 27. a4 Kc6 28. Kc1 Rd5 29. Rb4 e5 30. Kc2 f5 31. g3 a5 32. Rb1 e4 33. Re1 Rd3 34. Re2 b5 35. axb5+ Kxb5 36. Kb3 a4+ 37. Kb2 Kc4 38. Rc2 e3 39. fxe3 Rxe3 40. Rf2 a3+ 41. Kxa3 Rxc3+ 42. Kb2 Rxg3 43. h5 Rg5 44. hxg6 hxg6 45. Kc2 Kd4 46. Kd2 Rg3 47. Rf4+ Ke5 48. Ra4 f4 49. Ke2 Kf5 50. Kf2 Kg4 51. Rb4 Ra3 52. Rb6 Ra2+ 53. Kg1 g5 54. Rb5 f3 55. Rc5 Kf4 56. Rb5 g4 57. Rb8 Ra1+ 0-1

[Event "Wch Seniors 50 29th"]
[Site "Bucharest"]
[Date "2019.11.16"]
[Round "5"]
[White "Kirppo, Ronny"]
[Black "Angskog, Kent"]
[Result "1/2-1/2"]
[WhiteElo "1901"]
[BlackElo "2149"]
[PlyCount "43"]
[EventDate "2019.11.12"]
[EventType "swiss"]
[EventRounds "11"]
[EventCountry "ROU"]
[SourceTitle "CBM 193 Extra"]
[Source "ChessBase"]
[SourceDate "2020.01.31"]
[SourceVersion "1"]
[SourceVersionDate "2020.01.31"]
[SourceQuality "1"]

1. d4 d6 2. Nf3 Bg4 3. e4 Nf6 4. Nc3 Nc6 5. Be3 e5 6. Be2 Be7 7. h3 Bxf3 8. Bxf3 0-0 9. 0-0 exd4 10. Bxd4 Nxd4 11. Qxd4 c6 12. Rad1 Qb6 13. b3 Nd7 14. Qd2 Rfe8 15. g3 Rad8 16. Bg2 Nc5 17. Rfe1 Bf6 18. Re3 Kf8 19. Ne2 a5 20. c3 Ne6 21. Nd4 Nxd4 22. cxd4 1/2-1/2

[Event "Wch Seniors 50 29th"]
[Site "Bucharest"]
[Date "2019.11.13"]
[Round "2"]
[White "Angskog, Kent"]
[Black "Arandjelovic, Aleksandar Z"]
[Result "1-0"]
[WhiteElo "2149"]
[BlackElo "1921"]
[PlyCount "77"]
[EventDate "2019.11.12"]
[EventType "swiss"]
[EventRounds "11"]
[EventCountry "ROU"]
[SourceTitle "CBM 193 Extra"]
[Source "ChessBase"]
[SourceDate "2020.01.31"]
[SourceVersion "1"]
[SourceVersionDate "2020.01.31"]
[SourceQuality "1"]

1. Nf3 Nf6 2. c4 g6 3. Nc3 Bg7 4. e4 d6 5. d4 0-0 6. Be2 e5 7. Bg5 exd4 8. Nxd4 Nbd7 9. 0-0 h6 10. Bh4 c6 11. Nb3 Qe7 12. f4 a5 13. c5 a4 14. cxd6 Qe8 15. Nd2 a3 16. b4 g5 17. Bg3 Ng4 18. Bxg4 Bd4+ 19. Kh1 Bxc3 20. fxg5 hxg5 21. Rc1 Bb2 22. Bxd7 Bxd7 23. e5 f6 24. Ne4 Bxe5 25. Nc5 Bxg3 26. Qb3+ Kg7 27. Qxg3 Qf7 28. Rce1 Rfe8 29. Re7 Rxe7 30. dxe7 Be8 31. Qd6 b6 32. Ne6+ Kh7 33. Nxg5+ fxg5 34. Rxf7+ Bxf7 35. Qd8 Ra7 36. e8Q Bxe8 37. Qxe8 Rc7 38. Qh5+ Kg7 39. Qxg5+ 1-0

[Event "Sitges op 43rd"]
[Site "Sitges"]
[Date "2017.07.29"]
[Round "8"]
[White "Angskog, Kent"]
[Black "De Marchi, Olivier"]
[Result "1-0"]
[WhiteElo "2139"]
[BlackElo "2311"]
[PlyCount "47"]
[EventDate "2017.07.22"]
[EventType "swiss"]
[EventRounds "9"]
[EventCountry "ESP"]
[SourceTitle "CBM 179 Extra"]
[Source "ChessBase"]
[SourceDate "2017.08.23"]
[SourceVersion "1"]
[SourceVersionDate "2017.08.23"]
[SourceQuality "1"]

1. e4 c5 2. Nf3 g6 3. d4 cxd4 4. c3 Bg7 5. Bc4 d3 6. Qb3 e6 7. 0-0 Nc6 8. Bxd3 Nge7 9. Bg5 0-0 10. Na3 h6 11. Bh4 d5 12. Rfe1 a6 13. Rad1 g5 14. Bg3 Kh8 15. Bb1 Qa5 16. exd5 exd5 17. Bd6 Qd8 18. Bc5 Re8 19. Nc4 b5 20. Nd6 Rf8 21. Rxd5 Nxd5 22. Qxd5 Qc7 23. Nxc8 Raxc8 24. Qf5 1-0

[Event "SWE Cup"]
[Site "Sweden"]
[Date "2017.03.26"]
[Round "9.1"]
[White "Angskog, Kent"]
[Black "Eksmyr, Johan"]
[Result "0-1"]
[WhiteElo "2185"]
[BlackElo "2193"]
[PlyCount "80"]
[EventDate "2017.01.14"]
[EventType "team-tourn"]
[EventRounds "9"]
[EventCountry "SWE"]
[SourceTitle "EXT 2018"]
[Source "ChessBase"]
[SourceDate "2017.10.13"]
[SourceVersion "1"]
[SourceVersionDate "2017.10.13"]
[SourceQuality "1"]
[WhiteTeam "Horndal"]
[BlackTeam "Orgryte"]
[WhiteTeamCountry "SWE"]
[BlackTeamCountry "SWE"]

1. Nf3 Nf6 2. c4 g6 3. Nc3 d5 4. cxd5 Nxd5 5. Qb3 Nb6 6. d4 Bg7 7. Bf4 Be6 8. Qc2 Nc6 9. Rd1 Nb4 10. Qb1 N6d5 11. Be5 f6 12. Bg3 Nxc3 13. bxc3 Nxa2 14. Qb2 c6 15. Qa3 Qb6 16. e3 a5 17. Nd2 a4 18. Rb1 Qa5 19. Rxb7 Bf8 20. d5 Bxd5 21. c4 Nc3 22. cxd5 e5 23. d6 Ne4 24. Qa2 Qxd2+ 25. Qxd2 Nxd2 26. Kxd2 a3 27. Bc4 Bxd6 28. Ba2 0-0-0 29. Rb3 Bb4+ 30. Kc1 c5 31. Rd1 Rxd1+ 32. Kxd1 Rd8+ 33. Kc1 Kb7 34. e4 Kc6 35. Rf3 Kb5 36. Bd5 Rd6 37. Kb1 c4 38. Ka2 Kc5 39. Re3 c3 40. f4 c2 0-1

[Event "SWE Cup"]
[Site "Sweden"]
[Date "2017.03.24"]
[Round "7.1"]
[White "Christiansen, Johan Sebastian"]
[Black "Angskog, Kent"]
[Result "1-0"]
[WhiteElo "2408"]
[BlackElo "2185"]
[PlyCount "241"]
[EventDate "2017.01.14"]
[EventType "team-tourn"]
[EventRounds "9"]
[EventCountry "SWE"]
[SourceTitle "EXT 2018"]
[Source "ChessBase"]
[SourceDate "2017.10.13"]
[SourceVersion "1"]
[SourceVersionDate "2017.10.13"]
[SourceQuality "1"]
[WhiteTeam "Vaxjo"]
[BlackTeam "Horndal"]
[WhiteTeamCountry "SWE"]
[BlackTeamCountry "SWE"]

1. e4 c5 2. Nf3 g6 3. d4 Bg7 4. dxc5 Qa5+ 5. Bd2 Qxc5 6. Bc3 Nf6 7. Bd3 d6 8. h3 0-0 9. Nbd2 Nc6 10. 0-0 Be6 11. Re1 b5 12. Nb3 Bxb3 13. axb3 Nd7 14. Bxg7 Kxg7 15. c3 a5 16. Bf1 Rfc8 17. Qd5 b4 18. Bb5 bxc3 19. bxc3 e6 20. Qxc5 Nxc5 21. b4 Nb7 22. Ra3 Na7 23. Ba6 axb4 24. cxb4 Rab8 25. e5 dxe5 26. Nxe5 Rc7 27. Rd1 Rd8 28. Rb1 f6 29. Nd3 Nc8 30. b5 Nb6 31. Bxb7 Rxb7 32. Nc5 Re7 33. Ra6 Rb8 34. Nb3 Rd7 35. Rc1 Kf7 36. Rc6 Nd5 37. Nc5 Re7 38. Ra5 Rb6 39. Rxb6 Nxb6 40. Ra6 Nd7 41. Nb7 f5 42. b6 Kf6 43. Nd8 Nc5 44. Ra8 Rd7 45. f4 g5 46. fxg5+ Kxg5 47. Rc8 Kf4 48. b7 Nxb7 49. Nxe6+ Ke5 50. Ng5 Kf4 51. Nf3 Nd6 52. Rc1 Ne4 53. Rf1 Ng3 54. Ra1 Ne4 55. Kh2 Rb7 56. Ra5 Rf7 57. Nd4 h6 58. Ne6+ Ke3 59. Ra3+ Ke2 60. Nd4+ Ke1 61. Ra6 Kf2 62. Ra3 f4 63. Rf3+ Ke1 64. h4 Nd2 65. Ra3 Nf1+ 66. Kg1 Ne3 67. Nf3+ Kd1 68. Ra2 Rg7 69. Kh1 Rg3 70. Ne5 Nf5 71. Ra1+ Ke2 72. Ra2+ Kd1 73. Nf3 Rg4 74. Kh2 Nxh4 75. Kh3 Rxg2 76. Ra1+ Ke2 77. Nxh4 Rg3+ 78. Kh2 Kd3 79. Ng2 Rg8 80. Nxf4+ Ke3 81. Nd5+ Kd4 82. Rd1+ Kc4 83. Ne3+ Kc3 84. Rd6 h5 85. Rd5 h4 86. Rh5 Kd3 87. Ng2 Ke4 88. Rxh4+ Ke5 89. Kg1 Rf8 90. Ra4 Rf7 91. Ne3 Rf8 92. Ng4+ Ke6 93. Nf2 Kf5 94. Kf1 Re8 95. Nh1 Re3 96. Kf2 Rb3 97. Ng3+ Ke5 98. Nf1 Rb8 99. Ne3 Rb2+ 100. Kf3 Rb3 101. Re4+ Kd6 102. Kf4 Rb8 103. Nf5+ Kd5 104. Rd4+ Kc6 105. Rd1 Re8 106. Rc1+ Kd5 107. Ne3+ Kd6 108. Ng4 Rf8+ 109. Ke4 Ra8 110. Rd1+ Ke6 111. Rd4 Ra5 112. Rb4 Ra1 113. Rb6+ Ke7 114. Ne3 Ra4+ 115. Ke5 Ra5+ 116. Nd5+ Kf7 117. Rd6 Rb5 118. Kf5 Ra5 119. Rd8 Rb5 120. Rd7+ Ke8 121. Ke6 1-0

[Event "SWE Cup"]
[Site "Sweden"]
[Date "2017.03.05"]
[Round "5.3"]
[White "Persson, Mats Ove"]
[Black "Angskog, Kent"]
[Result "1-0"]
[WhiteElo "2314"]
[BlackElo "2185"]
[PlyCount "133"]
[EventDate "2017.01.14"]
[EventType "team-tourn"]
[EventRounds "9"]
[EventCountry "SWE"]
[SourceTitle "EXT 2018"]
[Source "ChessBase"]
[SourceDate "2017.10.13"]
[SourceVersion "1"]
[SourceVersionDate "2017.10.13"]
[SourceQuality "1"]
[WhiteTeam "Burgsvik Alva"]
[BlackTeam "Horndal"]
[WhiteTeamCountry "SWE"]
[BlackTeamCountry "SWE"]

1. d4 e6 2. Nf3 Nf6 3. g3 d5 4. Bg2 Be7 5. 0-0 0-0 6. c4 dxc4 7. Qc2 a6 8. a4 Nc6 9. Qxc4 Qd5 10. Nbd2 Rd8 11. e3 Qxc4 12. Nxc4 Rb8 13. Nfd2 Bd7 14. a5 Be8 15. b3 Nd5 16. Bb2 Ndb4 17. Rfd1 f6 18. Bh3 Bf7 19. Nf3 b5 20. axb6 cxb6 21. e4 b5 22. Ne3 Kf8 23. Ne1 Bh5 24. Rd2 Bc5 25. g4 Bg6 26. Rad1 Bd6 27. Bg2 Bf4 28. Ba3 a5 29. Nd3 Bh6 30. d5 exd5 31. exd5 Ne5 32. Nxb4 axb4 33. Bxb4+ Kg8 34. Rd4 Bxe3 35. fxe3 Rbc8 36. d6 Rd7 37. Ba5 Rc2 38. h3 h5 39. R1d2 Rc1+ 40. Kf2 hxg4 41. hxg4 Bf7 42. g5 fxg5 43. Re4 Nc6 44. Bc7 Bg6 45. Rg4 Bf7 46. Rxg5 Bxb3 47. Rxb5 Be6 48. Kg3 Rc3 49. Kh2 g6 50. Bb6 Rc4 51. Rc5 Rh4+ 52. Kg1 Nb4 53. Rc7 Rg4 54. Kf2 Rg5 55. Bf3 Rb5 56. Rc8+ Kf7 57. Bc5 g5 58. Bxb4 Rxb4 59. Bc6 Rh4 60. Bxd7 Rh2+ 61. Ke1 Rh1+ 62. Ke2 Bxd7 63. Rc5 g4 64. Re5 Rh2+ 65. Kd3 g3 66. Rxh2 gxh2 67. Rh5 1-0

[Event "SWE Cup"]
[Site "Sweden"]
[Date "2017.03.04"]
[Round "6.5"]
[White "Eriksson, Anders"]
[Black "Angskog, Kent"]
[Result "1/2-1/2"]
[WhiteElo "2265"]
[BlackElo "2185"]
[PlyCount "105"]
[EventDate "2017.01.14"]
[EventType "team-tourn"]
[EventRounds "9"]
[EventCountry "SWE"]
[SourceTitle "EXT 2018"]
[Source "ChessBase"]
[SourceDate "2017.10.13"]
[SourceVersion "1"]
[SourceVersionDate "2017.10.13"]
[SourceQuality "1"]
[WhiteTeam "Vasteras"]
[BlackTeam "Horndal"]
[WhiteTeamCountry "SWE"]
[BlackTeamCountry "SWE"]

1. Nf3 d6 2. d4 Bg4 3. e3 Nd7 4. Be2 Ngf6 5. c4 e5 6. Nc3 Be7 7. 0-0 0-0 8. e4 Bh5 9. d5 Nc5 10. Ne1 Bg6 11. f3 a5 12. Be3 Nfd7 13. Nd3 Bg5 14. Bf2 b6 15. Nxc5 Nxc5 16. Na4 Nxa4 17. Qxa4 f5 18. Qc2 Bf4 19. exf5 Bxf5 20. Bd3 Qg5 21. Bxf5 Qxf5 22. Qxf5 Rxf5 23. Rad1 Raf8 24. Rfe1 Bh6 25. b3 g6 26. Kf1 Kf7 27. Ke2 Ke7 28. Kd3 Kd7 29. Re2 Bg5 30. Rde1 R5f7 31. Re4 Bf4 32. h3 h5 33. Kc2 Bg5 34. R1e2 Rf5 35. Kb2 R5f7 36. Ka3 Kc8 37. Ka4 Kb7 38. Kb5 Ra8 39. Be3 Bxe3 40. R2xe3 Raf8 41. a3 g5 42. b4 axb4 43. axb4 Ra8 44. c5 bxc5 45. bxc5 Ra2 46. c6+ Ka7 47. Re2 Rxe2 48. Rxe2 Rf4 49. Ra2+ Kb8 50. Ra4 Rxa4 51. Kxa4 Ka7 52. Kb5 Kb8 53. Kc4 1/2-1/2

[Event "Vasteras op"]
[Site "Vasteras"]
[Date "2015.09.26"]
[Round "5"]
[White "Hillarp Persson, Tiger"]
[Black "Angskog, Kent"]
[Result "1-0"]
[WhiteElo "2546"]
[BlackElo "2218"]
[PlyCount "119"]
[EventDate "2015.09.25"]
[EventType "swiss"]
[EventRounds "8"]
[EventCountry "SWE"]
[SourceTitle "EXT 2016"]
[Source "ChessBase"]
[SourceDate "2015.10.08"]
[SourceVersion "1"]
[SourceVersionDate "2015.10.08"]
[SourceQuality "1"]

1. d4 g6 2. e4 Bg7 3. Nc3 d6 4. Be3 c6 5. f4 Qa5 6. Nf3 Bg4 7. Qd2 Nd7 8. Ng1 f5 9. h3 Bh5 10. Nge2 Bxe2 11. Bxe2 e6 12. e5 d5 13. g4 Ne7 14. Ne4 Qxd2+ 15. Nxd2 0-0 16. Nf3 Bh6 17. Ng5 Bxg5 18. fxg5 f4 19. Bf2 c5 20. c3 cxd4 21. cxd4 Rac8 22. Kd2 Nb6 23. b3 Rc7 24. Rhc1 Rfc8 25. Rxc7 Rxc7 26. Bd3 Rc8 27. h4 Kg7 28. Rf1 Nc6 29. Bg1 Rf8 30. Rf3 Nd7 31. Be2 Nb6 32. Kc3 Rf7 33. Bh2 a5 34. Rxf4 Rxf4 35. Bxf4 Kf7 36. Bd2 Ke7 37. h5 Kf7 38. Bb5 Ke7 39. Bc1 Kf7 40. Ba3 Nd7 41. Bd6 Ndb8 42. Bf1 Ke8 43. a3 Kf7 44. Bd3 Nd7 45. Bb5 Ndb8 46. Bxb8 Nxb8 47. b4 axb4+ 48. Kxb4 Ke7 49. Kc5 Nd7+ 50. Bxd7 Kxd7 51. Kb6 Kc8 52. a4 Kb8 53. a5 Kc8 54. a6 bxa6 55. Kxa6 Kc7 56. Kb5 Kb7 57. Kc5 Kc7 58. h6 Kd7 59. Kb6 Ke8 60. Kc6 1-0

[Event "Lund CellaVision Cup"]
[Site "Lund"]
[Date "2015.08.07"]
[Round "3"]
[White "Angskog, Kent"]
[Black "Jepson, Christian"]
[Result "0-1"]
[WhiteElo "2228"]
[BlackElo "2428"]
[PlyCount "147"]
[EventDate "2015.08.07"]
[EventType "swiss"]
[EventRounds "8"]
[EventCountry "SWE"]
[SourceTitle "CBM 167 Extra"]
[Source "ChessBase"]
[SourceDate "2015.09.14"]
[SourceVersion "1"]
[SourceVersionDate "2015.09.14"]
[SourceQuality "1"]

1. Nf3 g6 2. e4 Bg7 3. d4 d6 4. c4 Nf6 5. Nc3 0-0 6. Be2 c5 7. 0-0 Bg4 8. Be3 Bxf3 9. Bxf3 cxd4 10. Bxd4 Nc6 11. Be3 Qa5 12. Be2 Rfc8 13. f4 Nd7 14. e5 Rd8 15. exd6 Nf6 16. c5 exd6 17. cxd6 Qb4 18. Qb3 Qxb3 19. axb3 Rxd6 20. Rfd1 Rxd1+ 21. Rxd1 Re8 22. Bf2 h5 23. Bf3 a6 24. h3 Bh6 25. Rd6 Re6 26. Rxe6 fxe6 27. Bh4 Kf7 28. g3 Bf8 29. Kg2 Na5 30. Ne4 Nxe4 31. Bxe4 b5 32. Bc2 Nc6 33. g4 hxg4 34. hxg4 Bc5 35. f5 gxf5 36. gxf5 Bd4 37. Be4 Ne5 38. fxe6+ Kxe6 39. Bb7 a5 40. Bd8 a4 41. bxa4 bxa4 42. Bc7 Bxb2 43. Be4 a3 44. Bb1 Nd3 45. Ba2+ Kd7 46. Ba5 Nc1 47. Bc4 Kc6 48. Bb4 a2 49. Bxa2 Nxa2 50. Bf8 Kd5 51. Bh6 Ke4 52. Bf8 Bd4 53. Bd6 Nc3 54. Bc7 Be3 55. Bb8 Nd5 56. Bd6 Nf6 57. Bc7 Nh5 58. Bb8 Ng7 59. Bd6 Nf5 60. Bb8 Bd4 61. Bc7 Ke3 62. Bb8 Ke2 63. Bc7 Bf2 64. Bb8 Be1 65. Bf4 Bf2 66. Bg5 Nd4 67. Bc1 Nc2 68. Bh6 Ne1+ 69. Kh3 Kf3 70. Bc1 Bg3 71. Ba3 Nd3 72. Bc1 Ne1 73. Bd2 Nd3 74. Be3 0-1

[Event "Deltalift op"]
[Site "Tylosand"]
[Date "2015.05.16"]
[Round "7"]
[White "Angskog, Kent"]
[Black "Svenn, Matti"]
[Result "1/2-1/2"]
[WhiteElo "2228"]
[BlackElo "2157"]
[PlyCount "71"]
[EventDate "2015.05.14"]
[EventType "swiss"]
[EventRounds "8"]
[EventCountry "SWE"]
[SourceTitle "CBM 166 Extra"]
[Source "ChessBase"]
[SourceDate "2015.06.18"]
[SourceVersion "1"]
[SourceVersionDate "2015.06.18"]
[SourceQuality "1"]

1. Nf3 Nf6 2. c4 g6 3. Nc3 d5 4. cxd5 Nxd5 5. Qb3 Nf6 6. d4 Bg7 7. e4 0-0 8. Be2 b6 9. 0-0 Bb7 10. d5 c6 11. dxc6 Nxc6 12. Rd1 Qc7 13. Bg5 Ne5 14. Bxf6 Nxf3+ 15. Bxf3 Bxf6 16. Nd5 Bxd5 17. Rxd5 e6 18. Rd2 Rad8 19. Rc2 Qd6 20. g3 Bd4 21. Rd1 e5 22. Kg2 Rc8 23. Rdc1 Rc5 24. Rxc5 Bxc5 25. Qd5 Qf6 26. Rd1 Bd4 27. Rd2 Qe7 28. Qc4 Kg7 29. Rc2 Rd8 30. b4 a6 31. a3 a5 32. Bg4 axb4 33. axb4 Ra8 34. Qb3 Qf6 35. Ra2 Rxa2 36. Qxa2 1/2-1/2

[Event "Deltalift op"]
[Site "Tylosand"]
[Date "2015.05.15"]
[Round "5"]
[White "Angskog, Kent"]
[Black "Nilsson, Patrik"]
[Result "1-0"]
[WhiteElo "2228"]
[BlackElo "2127"]
[PlyCount "31"]
[EventDate "2015.05.14"]
[EventType "swiss"]
[EventRounds "8"]
[EventCountry "SWE"]
[SourceTitle "CBM 166 Extra"]
[Source "ChessBase"]
[SourceDate "2015.06.18"]
[SourceVersion "1"]
[SourceVersionDate "2015.06.18"]
[SourceQuality "1"]

1. Nf3 f5 2. d3 Nc6 3. d4 d6 4. d5 Ne5 5. Nxe5 dxe5 6. e4 Nf6 7. Nc3 e6 8. Bb5+ Bd7 9. Bg5 Bb4 10. Bxf6 Bxc3+ 11. bxc3 gxf6 12. dxe6 Bxb5 13. Qh5+ Ke7 14. Qf7+ Kd6 15. 0-0-0+ Kc6 16. Rxd8 1-0

[Event "Deltalift op"]
[Site "Tylosand"]
[Date "2015.05.14"]
[Round "3"]
[White "Angskog, Kent"]
[Black "Blomqvist, Erik"]
[Result "0-1"]
[WhiteElo "2228"]
[BlackElo "2513"]
[PlyCount "74"]
[EventDate "2015.05.14"]
[EventType "swiss"]
[EventRounds "8"]
[EventCountry "SWE"]
[SourceTitle "CBM 166 Extra"]
[Source "ChessBase"]
[SourceDate "2015.06.18"]
[SourceVersion "1"]
[SourceVersionDate "2015.06.18"]
[SourceQuality "1"]

1. Nf3 c5 2. c3 Nf6 3. d4 cxd4 4. cxd4 d5 5. Nc3 Nc6 6. Qb3 Na5 7. Qc2 e6 8. Bg5 Be7 9. e3 Bd7 10. Ne5 Rc8 11. Bd3 Nc6 12. Bxf6 Bxf6 13. Nxd7 Qxd7 14. 0-0 g6 15. a3 0-0 16. Rac1 a6 17. Rfd1 Rfd8 18. b4 e5 19. dxe5 Nxe5 20. Qd2 Kg7 21. Be2 Qe6 22. Na4 Nc4 23. Bxc4 dxc4 24. Qe2 b6 25. h3 Rd3 26. Nb2 Rxd1+ 27. Nxd1 Rd8 28. Nc3 Rd3 29. Nb1 b5 30. Rd1 Rxd1+ 31. Qxd1 Qe4 32. Nd2 Qd3 33. Qc1 c3 34. Nf3 c2 35. Ne1 Qd1 36. Qxc2 Qxe1+ 37. Kh2 Qc3 0-1

[Event "Deltalift op"]
[Site "Tylosand"]
[Date "2015.05.14"]
[Round "3"]
[White "Angskog, Kent"]
[Black "Semcesen, Daniel"]
[Result "0-1"]
[WhiteElo "2228"]
[BlackElo "2475"]
[PlyCount "86"]
[EventDate "2015.05.14"]
[EventType "swiss"]
[EventRounds "8"]
[EventCountry "SWE"]
[SourceTitle "CBM 166 Extra"]
[Source "ChessBase"]
[SourceDate "2015.06.18"]
[SourceVersion "1"]
[SourceVersionDate "2015.06.18"]
[SourceQuality "1"]

1. d4 f5 2. Nf3 Nf6 3. g3 g6 4. Bg2 Bg7 5. b4 Nc6 6. b5 Na5 7. Qd3 d5 8. Ne5 Ne4 9. 0-0 0-0 10. Nd2 Be6 11. Ndf3 Kh8 12. Rb1 Bg8 13. h4 Rc8 14. Bf4 b6 15. Nc6 Nxc6 16. bxc6 Rf6 17. Ne5 Qe8 18. f3 Nd6 19. g4 Nc4 20. e4 fxe4 21. fxe4 Rxf4 22. Rxf4 Nxe5 23. dxe5 d4 24. Qxd4 Qxc6 25. Rd1 Be6 26. g5 Qb5 27. Bf1 Qxe5 28. Qxe5 Bxe5 29. Rf2 Kg7 30. Rfd2 Rf8 31. Rd8 Rf4 32. Re8 Kf7 33. Rdd8 Bg7 34. Ba6 Rxe4 35. Bc8 Bxa2 36. Bd7 Rxh4 37. Rc8 Rd4 38. Bb5 Rd5 39. Rxc7 Rxg5+ 40. Kf1 Bf6 41. Bc6 Rc5 42. Rd8 Kg7 43. Rcc8 Rxc2 0-1